000 03049nam a2200313 i 4500
001 768714001
003 CO-MdFUSB
005 20210416140215.0
007 ta
008 200727t1994 sp |||| |||| 00| 0 spa d
020 _a8428516359
040 _aCO-MdFUSB
_bspa
_cCO-MdFUSB
_dCO-MdFUSBC
_erda
041 _aspa
082 _223
_a306.81
_bG643
100 _aGonzález Núñez, Ángel
_d1925-1994
_eautor
245 3 _aLa pareja humana en la biblia
_c/ Ángel González Nuñez
264 1 _aMadrid, España :
_bSan Pablo,
_c[1994]
264 4 _c©1994
300 _c;
336 _2rdacontent
_atexto
_btxt
337 _2rdamedia
_asin mediación
_bn
338 _2rdacarrier
_avolumen
_bnc
490 _aProyecto familia
505 _aIntroducción -- La pareja humana -- La pareja -- Historia -- Problemas -- Recambios -- Expectativas -- Perspectiva -- Imagen bíblica -- Un arquetipo -- Las fuentes -- El régimen patriarcal -- La casa del padre -- La comunidad familiar - Simbolismo matrimonial -- Imagen en movimiento -- Filosofía de una institución -- La familia y la sociedad -- En el marco de la creación -- En el espacio de la alianza -- Construir la casa -- Ámbito de relaciones y funciones -- Elección de pareja -- Elección -- Quién elige -- Ocasiones de encuentro -- Las reglas de la elección -- Los prometidos -- El mohar, ¿compra de la mujer? -- La convivencia -- El amor celbrado -- Narraciones poéticas -- La belleza humana y el gozo del amor -- Cantos de novios -- El Cantar de los cantares -- Cantos del amor humano -- La fiesta de la pareja -- El sexo -- Tratamiento bíblico -- Encuadre en la creación y en la alianza -- Poligamia - monogamia -- Fuera del matrimonio -- Desviaciones -- Abstinencia y sublimación -- Valoración -- La mujer -- Una vieja pregunta --- Ideal de igualdad -- Realidad de sometimiento -- La mujer en acción -- Mujeres celebradas -- Los hijos -- El fruto de la pareja -- Fecndidad y esterilidad -- Regalo prometido -- La acogida -- El primogénito y los otros hijos -- Los dolores de la pareja -- Desajustes y rompimientos -- Algunas muestras -- Motivos del desajuste -- Divorcio y viudez -- Rupturas generacionales -- Un proyecto utópicos -- Realidad hermosa, pero frágil -- Proyecto muy trabajado -- Escollos y vías de escape -- Afirmarse en el descendiente -- Bibliografía
520 _aLa historia humana comienza el día en que se encuentran por primera vez un hombre y una mujer. Desde entonces, la naturaleza creadora inscribió en sus cuerpos y en sus almas principios de mutua pertenencia, les recomendó unirse y ayudarse, poblar la tierra y gobernarla. Sin embargo, siempre que un hombre y una mujer deciden unir sus vidas, lo reviven como acontecimiento original. El autor se propone observar y comentar el funcionamiento de la pareja humana en la historia a la luz de la Biblia, cuya visión está en las entrañas de nuestra cultura y sus postulados en el fondo de nuestra conciencia.
650 7 _9224
_aFamilia y enseñanza
942 _cBK
945 _aDani
999 _c66564
_d66564